00406nam a22001577a 450000500170000001000150001702000270003203500140005903700090007308200120008210000170009424500420011126000300015327000400018330000250022320250416105850.0 aENG-144610 c1500.00a9789392918087 aEN-128142 bDBAD a792.803 aArora Suman  aClassical Indian Dance\ cSuman Arora aDelhi bAadi Books c2022 bDelhi a39/18,Shakti Nagar e110007 aviii,304p.c22cm(pb)